000 00613cam a2200217 4500
008 090401t1985 xxu||||| |||| 00| 0 eng d
020 _a082130562X
035 _a(Sirsi) u31062
041 _aeng
050 _a332.153
110 _aWorld Bank
_93112
245 _aGuidelines (for) procurement under IBRD loans and IDA credits
250 _a3rd ed.
260 _aWashington,D.C
_bWorld Bank
_c1985
300 _a38p. ; 23x10cm.
350 _a5
650 _aINTERNATIONAL BANK FOR RECONSTRUCTION AND DEVELOPMENT
650 _aINTERNATIONAL DEVELOPMENT ASSOCIATION
942 _n0
948 _c04/03/1997
999 _c89547
_d89547